Nommez une réponse valide - Géographie. - Statistiques

Statistiques générales
  • Ce quiz a été pris 4 034 fois
  • Le résultat moyen est 11 sur 15
Statistiques - réponses
Questions Réponses % Correct
Un pays sur lequel s'étend le Sahara. Maroc | Algérie | Tunisie | Libye | Égypte | Soudan | Tchad | Niger | Mali | Mauritanie
94%
Un État des USA commençant par i. Idaho | Illinois | Indiana | Iowa
91%
Pays d'Amérique du Sud n'ayant pas de cote maritime. Paraguay | Bolivie
91%
Pays actuel de l'une des 7 merveilles du monde antiques. Égypte | Irak | Grèce | Turquie
88%
Pays où coule le Danube. Allemagne | Autriche | Slovaquie | Hongrie | Croatie | Serbie | Bulgarie | Roumanie | Moldavie | Ukraine
87%
Pays africain traversé par l'équateur. Gabon | République du Congo | République démocratique du Congo | Ouganda | Kenya | Somalie | Sao Tomé-et-principe
86%
Pays qui a une frontière terrestre avec le Togo. Ghana | Bénin | Burkina Faso
80%
Pays qui a une altitude moyenne de plus de 2000 mètres. Tadjikistan | Kirghizistan | Népal | Bhoutan | Lesotho
78%
Pays de l'union Européenne n'utilisant pas l'Euro. Bulgarie | Tchéquie | Hongrie | Pologne | Roumanie | Suède | Danemark
74%
Pays Africain ayant le Portugais comme langue officielle. Angola | Cap Vert | Guinée-Bissau | Mozambique | São Tomé-et-Principe
69%
Pays bordé par la mer Caspienne. Azerbaïdjan | Iran | Kazakhstan | Russie | Turkménistan
60%
Un des 5 pays ayant le PIB par habitant le plus faible en 2022. Burundi | Soudan du sud | Somalie | Mozambique | Madagascar
52%
Un département Français frontalier du Luxembourg. Moselle | Meurthe-et-Moselle
49%
Une des provinces du Canada commençant par une voyelle. Ontario | Alberta | Île-du-Prince-Édouard
44%
Capitale commençant par un F. Freetown | Funafuti
32%
Aucun quiz correspondant
Distribution des résultats
% des personnes avec chaque résultat
Percentile par nombre de réponses
Votre historique - résultats
Vous n’avez pas pris ce quiz